Human capital and global business strategy.
Guardat en:
| Autor principal: | |
|---|---|
| Format: | Llibre |
| Idioma: | anglès |
| Publicat: |
Cambridge university press.
2013.
|
| Etiquetes: |
Afegir etiqueta
Sense etiquetes, Sigues el primer a etiquetar aquest registre!
|
MARC
| LEADER | 00000nam a22000007a 4500 | ||
|---|---|---|---|
| 008 | 210909b ||||| |||| 00| 0 eng d | ||
| 020 | |a 9781197613287 | ||
| 100 | |a THOMAS, Howard. |a Richard R. Smith |a Fermin Diez | ||
| 245 | |a Human capital and global business strategy. |c Howard Thomas,Richard R. Smith {and } Fermin Diez. |g xiii,254p:ill. | ||
| 260 | |b Cambridge university press. |c 2013. |d Book |h United Kingdom |i 697018. |i 697019. |l HD 4904.7.T35. |m Human capital |m Strategic planing | ||
| 500 | |a "It includes references and index". | ||
| 942 | |a lcc |c BK |e Olagoke,M.A. |f 10/09/2021 | ||
| 952 | |0 0 |1 0 |2 lcc |4 0 |7 0 |9 3496 |a HOL |b SSL |c GJ |d 2021-09-09 |o HD 4904.7.T35 |p 2021-67223 |r 2021-09-09 00:00:00 |t 697019 |w 2021-09-09 |y BK | ||
| 952 | |0 0 |1 0 |2 lcc |4 0 |7 0 |9 3497 |a HOL |b HOL |c GJ |d 2021-09-09 |o HD 4904.7.T35 |p 2021-67224 |r 2021-09-09 00:00:00 |t 697018 |w 2021-09-09 |y BK | ||
| 999 | |c 1735 |d 1735 | ||